Teorías de contabilidad general y de administración privada / (Record no. 189577)

MARC details
000 -LEADER
campo de control de longitud fija 00581nam a2200181 i 4500
001 - NÚMERO DE CONTROL
campo de control 189577
003 - IDENTIFICADOR DE NÚMERO DE CONTROL
campo de control ES-MaACL
005 - FECHA Y HORA DE LA ÚLTIMA TRANSACCIÓN
campo de control 20250912063058.0
008 - DATOS DE LONGITUD FIJA--INFORMACIÓN GENERAL
campo de control de longitud fija 190621s1925 sp |||| | spa d
100 1# - ENTRADA PRINCIPAL--NOMBRE DE PERSONA
Nombre de persona Sacristán y Zavala, Antonio,
Fechas asociadas al nombre 1871-1938
9 (RLIN) 101272
245 10 - MENCIÓN DEL TÍTULO
Título Teorías de contabilidad general y de administración privada /
Mención de responsabilidad, etc. por Antonio Sacristán y Zavala.
250 ## - MENCION DE EDICION
Mención de edición 2ª ed.
260 ## - PUBLICACIÓN, DISTRIBUCIÓN, ETC.
Lugar de publicación, distribución, etc. Madrid :
Nombre del editor, distribuidor, etc. Suc. de Rivadeneyra,
Fecha de publicación, distribución, etc. 1925.
300 ## - DESCRIPCIÓN FÍSICA
Extensión 672 p ;
Dimensiones 23 cm.
650 04 - PUNTO DE ACCESO ADICIONAL DE MATERIA--TÉRMINO DE MATERIA
Término de materia o nombre geográfico como elemento de entrada Contabilidad.
9 (RLIN) 11307
852 ## - LOCALIZACIÓN
Ubicación ES-MaACL
Número de control de estantería A-597
Holdings
Estatus retirado Estado de pérdida Estado de daño No para préstamo Biblioteca de origen Biblioteca actual Ubicación en estantería Fecha de adquisición Fuente de adquisición Total de préstamos Signatura topográfica completa Código de barras Visto por última vez Precio de reemplazo Tipo de ítem Koha
        Biblioteca del Ateneo de Madrid Biblioteca del Ateneo de Madrid Sala Pecera Planta 1 21/06/2019     A-597 1200894 23/02/2023 23/02/2023 Libro impreso